Southville International School and Colleges
Your cart is empty.
  • Cart
  • Lists
    Public lists Eva Luna New books Lux_list list_1
    Your lists Log in to create your own lists
  • Log in to your account
  • Your cookies
  • Search history
Southville International School and Colleges
  • Advanced search
  • Recent comments
  • Most popular
  • Libraries

Log in to your account

Log in with GOOGLE


If you do not have an external account, but do have a local account, you can still log in:

  1. Home
  2. MARC view: K is for Kissing a cool Kangaroo /
Normal view MARC view ISBD view

K is for Kissing a cool Kangaroo / (Record no. 106205)

[ view plain ]
MARC details
000 -LEADER
fixed length control field 00468nam a2200169 a 4500
005 - DATE AND TIME OF LATEST TRANSACTION
control field 20140412111425.0
008 - FIXED-LENGTH DATA ELEMENTS--GENERAL INFORMATION
fixed length control field 090627s19uu xx 00 eng d
020 ## - INTERNATIONAL STANDARD BOOK NUMBER
International Standard Book Number 0-439-64021-0
050 ## - LIBRARY OF CONGRESS CALL NUMBER
Classification number TR(PS E
Item number Ki64 2004
100 ## - MAIN ENTRY--PERSONAL NAME
Personal name Andreae, Giles
245 ## - TITLE STATEMENT
Title K is for Kissing a cool Kangaroo /
Statement of responsibility, etc Giles Andreae.
260 ## - PUBLICATION, DISTRIBUTION, ETC. (IMPRINT)
Place of publication, distribution, etc U.S.A :
Name of publisher, distributor, etc Scholastic,
Date of publication, distribution, etc 2004.
300 ## - PHYSICAL DESCRIPTION
Extent 1v. unp.
650 ## - SUBJECT ADDED ENTRY--TOPICAL TERM
Topical term or geographic name as entry element Alphabet - Rhyming words
700 ## - ADDED ENTRY--PERSONAL NAME
Personal name Rees, Guy Parker
Holdings
Withdrawn status Lost status Damaged status Use restrictions Home library Current library Shelving location Date acquired Source of acquisition Cost, normal purchase price Total Checkouts Full call number Barcode Date last seen Price effective from Koha item type
        Elizalde Library Elizalde Library Teachers Reference Section 06/27/2009   125.00   TR(PS E Ki64 2004 E11434 04/12/2014 04/12/2014 Books

K is for Kissing a cool Kangaroo /

APA

Andreae G., Rees G. P., . (2004). K is for Kissing a cool Kangaroo. U.S.A: Scholastic.

Chicago

Andreae Giles, Rees Guy Parker, . 2004. K is for Kissing a cool Kangaroo. U.S.A: Scholastic.

Harvard

Andreae G., Rees G. P., . (2004). K is for Kissing a cool Kangaroo. U.S.A: Scholastic.

MLA

Andreae Giles, Rees Guy Parker, . K is for Kissing a cool Kangaroo. U.S.A: Scholastic. 2004.

  • Place hold
  • Print
  • Cite
  • Add to your cart (remove)
  • Save record
    BIBTEX Dublin Core MARCXML MARC (non-Unicode/MARC-8) MARC (Unicode/UTF-8) MARC (Unicode/UTF-8, Standard) MODS (XML) RIS
  • More searches
    Search for this title in:
    Other Libraries (WorldCat) Other Databases (Google Scholar) Online Stores (Bookfinder.com) Open Library (openlibrary.org)

Exporting to Dublin Core...

SOUTHVILLE LIBRARY

Southville International School and Colleges Library

1281 Tropical Ave. Cor. Luxembourg St., BF Homes International, Las Pinas City

Tel. No. 8256374 / 252358 Loc. 117/146

Powered by Koha